00718nam a22001697a 450000500170000001000130001702000140003003500110004403700160005508200120007110000830008324501410016624600940030726000510040127000730045230000230052520200603125324.0 aUR-10775 c600.00a- aU-9330 bDBAD/PUBa- a843.320 aبيگم ر ضيہ سلطا نہ سید صا حب حسين پير ز ا د ے  aا ر د و نا و ل سما جی پس منظر ميں cبيگم ر ضيہ سلطا نہ سید صا حب حسين پير ز ا د ے  bUrdu Novel Samaji Pase Manzar Main (Urdu)aby Razia Sultana Syed Sahab Hussain Peerzade aDelhibEducational Publishing House c2018 ء a3191,Vakil Street,Kucha Pandit Lal Kuan,bDelhie110006k23216162l- a278 ص c22 Cm(Hb)